01652cam a22003375a 450000100070000000500170000700800410002401000170006502000220008202000180010404000180012208200270014010000400016724500680020726000810027530000240035650000780038050000240045850400300048259000110051265000620052365100590058565300220064465300250066694200350069199900170072695201250074395201410086895201410100995201640115046030920161121121625.0830112r19831962enk frb 001 0 eng d a 83001788  a0521274230 (pbk.) a9780521274234 bengdEG-ScBUE04a320.509174927222bHOU1 aHourani, Albert,d1915-1993.93296210aArabic Thought in the Liberal Age, 1798-1939 /cAlbert Hourani. aCambridge [Cambridgeshire] ;aNew York :bCambridge University Press,c1983. ax, 406 p. ;c23 cm. aOriginally published: London ; New York : Oxford University Press, 1962.  aIndex : p. 396-406. aBibliography: p. 374-395. aWessam 7aPolitical sciencezArab countriesxHistory.9110302BUEsh 7aArab countriesxPolitics and government.9329632BUEsh bBUSBOLcMarch2013 bBUSBOLcNovember2016 2ddccBBe22k320.509174927 HOU c17397d17369 00102ddc40708BaccahaMAINbMAINc1STd2013-03-25epurchasel0o320.509174927 HOUp000028615r2025-07-15 00:00:00yNB 00102ddc40708BaccahaMAINbMAINc1STd2013-03-25epurchasel6m51o320.509174927 HOUp000028616r2025-07-15 00:00:00s2021-07-27yBB 00102ddc40708BaccahaMAINbMAINc1STd2013-03-25epurchasel7m60o320.509174927 HOUp000028617r2025-07-15 00:00:00s2019-09-23yBB 00102ddc40708BaccahaMAINbMAINc1STd2016-11-21ePurchaseg390.00h25841l4m12o320.509174927 HOUp000034811r2025-07-15 00:00:00s2018-09-03v487.50yBB